| 000 | 00709nam a2200217 a 4500 | ||
|---|---|---|---|
| 001 | 15 | ||
| 003 | CDMR | ||
| 005 | 20131014113213.0 | ||
| 008 | 130130s1985||||||||||||||||||||||||||||d | ||
| 020 | _a8475850383 | ||
| 040 |
_aCDMR _bcat _cCDMR |
||
| 100 | 1 |
_aLerohundi, Alberto _918 |
|
| 245 | 1 | 3 |
_aLa Gaceta del Norte _b: sus ochenta y tres años de vida _cAlberto Lerchundi |
| 246 | 1 | 4 |
_aLa Gaceta del Norte _b: 83 años de historia |
| 246 | 1 | 8 |
_aLa Gaceta del Norte _b: ochenta y tres años de historia |
| 260 |
_aBilbao _c1985 _bUniversidad del País Vasco. Servicio Editorial |
||
| 300 | _a216 p. | ||
| 610 | 2 |
_93397 _aGaceta del Norte _xHistòria |
|
| 650 | 0 | 4 |
_93729 _aPremsa _xHistòria _zEspanya |
| 942 |
_cMON _2udc |
||
| 999 |
_c15 _d15 |
||